Province italiane meno estese - Statistics

Statistiche generali
  • Questo quiz è stato fatto 51 volte
  • Il punteggio medio è 18 su 20
Statistiche sulle risposte
Provincia Regione Superficie (km²) % Corretto
Gorizia Friuli-Venezia Giulia 467,138
100%
Prato Toscana 365,716
100%
Trieste Friuli-Venezia Giulia 212,507
100%
Pistoia Toscana 964,122
97%
La Spezia Liguria 881,353
95%
Monza e Brianza Lombardia 405,414
95%
Cagliari Sardegna 1248,680
92%
Imperia Liguria 1154,784
92%
Lecco Lombardia 814,579
92%
Lodi Lombardia 782,991
92%
Fermo Marche 862,767
90%
Massa-Carrara Toscana 1154,676
90%
Rimini Emilia-Romagna 864,882
90%
Biella Piemonte 913,284
87%
Pescara Abruzzo 1230,331
85%
Vibo Valentia Calabria 1150,642
85%
Napoli Campania 1178,933
82%
Ascoli Piceno Marche 1228,270
79%
Livorno Toscana 1213,714
79%
Varese Lombardia 1198,113
79%
Nessun quiz corrispondente trovato
Distribuzione punteggi
Percentuale di utenti per punteggio
Percentile per numero di risposta
I tuoi punteggi nel tempo
Non hai fatto questo quiz